Research methodology in History / (Record no. 128796)

MARC details
000 -LEADER
fixed length control field 00686nam a22002297a 4500
005 - DATE AND TIME OF LATEST TRANSACTION
control field 20170124110045.0
010 ## - LIBRARY OF CONGRESS CONTROL NUMBER
LC control number A-423234
020 ## - INTERNATIONAL STANDARD BOOK NUMBER
Terms of availability 00.00
035 ## - SYSTEM CONTROL NUMBER
System control number A-423234
037 ## - SOURCE OF ACQUISITION
Source of stock number/acquisition Cen Lib/Ret
040 ## - CATALOGING SOURCE
Original cataloging agency DPL
Language of cataloging EN
082 ## - DEWEY DECIMAL CLASSIFICATION NUMBER
Classification number 808.0669
Item number CHI
100 ## - MAIN ENTRY--PERSONAL NAME
Personal name Chitins, K.N.
9 (RLIN) 24462
245 ## - TITLE STATEMENT
Title Research methodology in History /
Statement of responsibility, etc by K.N. Chitnis
260 ## - PUBLICATION, DISTRIBUTION, ETC. (IMPRINT)
Place of publication, distribution, etc New Delhi
Name of publisher, distributor, etc Atlantic Publishers & Distributors
Date of publication, distribution, etc 1990
270 ## - ADDRESS
Address 4215/1, Ansari Road, Daryaganj
City New Delhi
Postal code 110002
300 ## - PHYSICAL DESCRIPTION
Extent 151p.
Dimensions 21cm(Hb)
500 ## - GENERAL NOTE
General note Includes index.
650 ## - SUBJECT ADDED ENTRY--TOPICAL TERM
Topical term or geographic name as entry element Historiography
9 (RLIN) 24463
650 ## - SUBJECT ADDED ENTRY--TOPICAL TERM
Topical term or geographic name as entry element History--Methodology
9 (RLIN) 24464
942 ## - ADDED ENTRY ELEMENTS (KOHA)
Source of classification or shelving scheme Dewey Decimal Classification
Koha item type English Books
Classification part 808.0669
Call number suffix CHI
Holdings
Withdrawn status Lost status Damaged status Not for loan Home library Current library Date acquired Source of acquisition Cost, normal purchase price Total Checkouts Full call number Barcode Date last seen Copy number Cost, replacement price Price effective from Koha item type
        Central Library Central Library 03/07/2015 Cen Lib/Ret 0.00   808.0669 CHI A-423234 03/07/2015 1 0.00 03/07/2015 English Books

© Delhi Public Library
Hit Counter
free hit counter